000 01200pam a2200313 a 4500
001 2105283
003 OSt
005 20240717112352.0
008 960430s1997 enka b 001 0 eng
010 _a 96008679
020 _a0521562902 (hardback)
020 _a0521574617 (pbk.)
040 _cMUST
082 0 0 _a303.4 MOL 1997
_220
100 1 _aMolm, Linda D.
_913546
245 1 0 _aCoercive power in social exchange /
_cLinda D. Molm.
260 _aCambridge ;
_aNew York :
_bCambridge University Press,
_c1997.
300 _axii, 316 p. :
_bill. ;
_c21 cm.
440 0 _aStudies in rationality and social change
_913547
504 _aIncludes bibliographical references (p. [293]-308) and indexes.
650 0 _aSocial exchange.
_913548
650 0 _aPower (Social sciences)
_913549
650 0 _aRetribution.
_913550
856 4 2 _3Publisher description
_uhttp://www.loc.gov/catdir/description/cam027/96008679.html
856 4 1 _3Table of contents
_uhttp://www.loc.gov/catdir/toc/cam026/96008679.html
906 _a7
_bcbc
_corignew
_d1
_eocip
_f19
_gy-gencatlg
942 _2ddc
_cO_SHELF
999 _c9218
_d9218